[Event "Kathmandu op"]
[Site "Kathmandu"]
[Date "2018.04.15"]
[Round "6"]
[White "Sengupta, Deep"]
[Black "Ramaraju, N."]
[Result "1-0"]
[WhiteElo "2579"]
[BlackElo "2175"]
[PlyCount "89"]
[EventDate "2018.04.13"]
[EventType "swiss"]
[EventRounds "9"]
[EventCountry "NEP"]
[SourceTitle "CBM 183 Extra"]
[Source "ChessBase"]
[SourceDate "2018.04.19"]
[SourceVersion "1"]
[SourceVersionDate "2018.04.19"]
[SourceQuality "1"]

1. e4 e5 2. Nf3 Nf6 3. Nc3 Nc6 4. Bb5 Bb4 5. 0-0 0-0 6. d3 Bxc3 7. bxc3 d6 8. Bg5 Ne7 9. Re1 Ng6 10. d4 h6 11. Bc1 c6 12. Bd3 Re8 13. h3 Be6 14. a4 Qc7 15. c4 Rad8 16. d5 Bc8 17. Nd2 Nf4 18. Nf1 N6h5 19. Be3 Qe7 20. Ng3 Nxg3 21. fxg3 Nxd3 22. cxd3 c5 23. Rf1 f6 24. Qd2 Kh7 25. Rf2 Qf7 26. g4 Qg6 27. Qa5 a6 28. Rb1 h5 29. gxh5 Qxh5 30. Rf3 Rf8 31. Rbf1 Qe8 32. Qe1 Rf7 33. Qh4+ Kg8 34. Rg3 Qe7 35. Rg6 Qc7 36. Rfxf6 Rxf6 37. Qxf6 Rd7 38. Kh2 Kh7 39. Qf5 Kg8 40. Qe6+ Kh7 41. Rg5 Rf7 42. Rh5+ Kg8 43. Qg6 Rf6 44. Qh7+ Kf7 45. Rg5 1-0

[Event "Kathmandu op"]
[Site "Kathmandu"]
[Date "2018.04.14"]
[Round "3"]
[White "Ramaraju, N."]
[Black "Regmi, Shikhar"]
[Result "1-0"]
[WhiteElo "2175"]
[BlackElo "1621"]
[PlyCount "103"]
[EventDate "2018.04.13"]
[EventType "swiss"]
[EventRounds "9"]
[EventCountry "NEP"]
[SourceTitle "CBM 183 Extra"]
[Source "ChessBase"]
[SourceDate "2018.04.19"]
[SourceVersion "1"]
[SourceVersionDate "2018.04.19"]
[SourceQuality "1"]

1. Nf3 Nc6 2. d4 d5 3. c4 e6 4. Nc3 Nf6 5. Bg5 Be7 6. e3 Ne4 7. Bxe7 Nxc3 8. bxc3 Nxe7 9. Bd3 f5 10. Ne5 0-0 11. 0-0 Nc6 12. Nxc6 bxc6 13. Qa4 Bd7 14. c5 Qh4 15. f4 Rf6 16. Rf3 Rg6 17. Rb1 a5 18. Bf1 Qh5 19. Rf2 Rh6 20. g3 Ra7 21. Qb3 Qe8 22. Qb8 Qxb8 23. Rxb8+ Kf7 24. Rfb2 Ke7 25. R8b7 Rxb7 26. Rxb7 Kd8 27. Rb8+ Ke7 28. Ra8 Rf6 29. Rxa5 Rf8 30. Ra4 Rb8 31. Rb4 Ra8 32. a4 Be8 33. Be2 Bd7 34. Kf2 Bc8 35. Ke1 Ba6 36. Bxa6 Rxa6 37. Kd2 Kd7 38. Kc2 Kc8 39. c4 Ra7 40. cxd5 cxd5 41. Kb3 Ra6 42. Rb5 Ra7 43. Kb4 c6 44. Rb6 Kc7 45. a5 Ra8 46. a6 Ra7 47. Ka5 g6 48. h3 h6 49. Rb2 Kc8 50. Kb6 Ra8 51. a7 Kd7 52. Kb7 1-0

[Event "Kathmandu op"]
[Site "Kathmandu"]
[Date "2018.04.13"]
[Round "1"]
[White "Ramaraju, N."]
[Black "Singh, Suraj"]
[Result "1-0"]
[WhiteElo "2175"]
[BlackElo "1451"]
[PlyCount "98"]
[EventDate "2018.04.13"]
[EventType "swiss"]
[EventRounds "9"]
[EventCountry "NEP"]
[SourceTitle "CBM 183 Extra"]
[Source "ChessBase"]
[SourceDate "2018.04.19"]
[SourceVersion "1"]
[SourceVersionDate "2018.04.19"]
[SourceQuality "1"]

1. Nf3 d6 2. d4 h6 3. e4 e6 4. Bc4 Be7 5. Qe2 d5 6. exd5 exd5 7. Bb3 Nf6 8. 0-0 0-0 9. Ne5 c5 10. dxc5 Bxc5 11. Bf4 Re8 12. Qf3 Be6 13. Nd2 Nc6 14. Nxc6 bxc6 15. h3 Bd6 16. Be3 c5 17. c3 Rb8 18. Rab1 Nh7 19. Rfd1 Ng5 20. Qh5 Nh7 21. Nf1 Nf6 22. Qf3 a6 23. Ng3 Bxg3 24. fxg3 Ne4 25. c4 Ng5 26. Bxg5 Qxg5 27. cxd5 Bd7 28. Rf1 Qg6 29. Rbe1 Bb5 30. Rxe8+ Rxe8 31. Rf2 f6 32. Bc2 Qg5 33. Bf5 Re3 34. Qf4 Qxg3 35. Qxg3 Rxg3 36. Rc2 c4 37. Kf2 Rg5 38. g4 h5 39. h4 Rxg4 40. Bxg4 hxg4 41. Kg3 Kf7 42. Kxg4 g6 43. Kf4 Ke7 44. Ke4 Kd6 45. Kd4 a5 46. Re2 Bd7 47. Kxc4 Bc8 48. Kd4 Bd7 49. Rc2 a4 1-0

[Event "Basel op"]
[Site "Basel"]
[Date "2017.01.07"]
[Round "8"]
[White "Ramaraju, N."]
[Black "Srienz, Christian"]
[Result "1/2-1/2"]
[WhiteElo "2124"]
[BlackElo "2223"]
[PlyCount "28"]
[EventDate "2017.01.02"]
[EventType "swiss"]
[EventRounds "9"]
[EventCountry "SUI"]
[SourceTitle "CBM 176 Extra"]
[Source "ChessBase"]
[SourceDate "2017.03.02"]
[SourceVersion "1"]
[SourceVersionDate "2017.03.02"]
[SourceQuality "1"]

1. Nf3 Nf6 2. c4 e6 3. g3 a6 4. Bg2 b5 5. b3 c5 6. Nc3 Qb6 7. e4 Bb7 8. e5 Ne4 9. Nxe4 Bxe4 10. d3 Bb7 11. 0-0 d5 12. Qe2 Be7 13. Re1 0-0 14. h4 Nd7 1/2-1/2

[Event "Hyderabad op 1st"]
[Site "Hyderabad"]
[Date "2006.02.26"]
[Round "1"]
[White "Vijayalakshmi, Subbaraman"]
[Black "Ramaraju, N."]
[Result "1-0"]
[WhiteElo "2479"]
[BlackElo "2066"]
[PlyCount "51"]
[EventDate "2006.02.25"]
[EventType "swiss"]
[EventRounds "10"]
[EventCountry "IND"]
[SourceTitle "CBM 111 Extra"]
[Source "ChessBase"]
[SourceDate "2006.05.09"]
[SourceVersion "1"]
[SourceVersionDate "2006.05.09"]
[SourceQuality "1"]

1. b3 e5 2. Bb2 Nc6 3. e3 d6 4. Bb5 Bd7 5. Ne2 a6 6. Bxc6 Bxc6 7. 0-0 Qg5 8. Ng3 0-0-0 9. d4 exd4 10. exd4 h5 11. Qd2 Qg6 12. d5 Bd7 13. a4 h4 14. Ne2 Nf6 15. Nf4 Qh6 16. Qd4 c5 17. dxc6 Bxc6 18. b4 h3 19. g3 Re8 20. Nd2 Ne4 21. b5 Nxd2 22. Qxd2 Bg2 23. Rfe1 Rd8 24. bxa6 bxa6 25. Ra3 Bb7 26. Qa5 1-0

[Event "Chennai WinTV op 1st"]
[Site "Chennai"]
[Date "2004.01.23"]
[Round "4"]
[White "Ramaraju, N."]
[Black "Gunasekaran, K."]
[Result "0-1"]
[WhiteElo "2105"]
[BlackElo "2265"]
[PlyCount "98"]
[EventDate "2004.01.21"]
[EventType "swiss"]
[EventRounds "13"]
[EventCountry "IND"]
[SourceTitle "CBM 098 Extra"]
[Source "ChessBase"]
[SourceDate "2004.03.10"]
[SourceVersion "2"]
[SourceVersionDate "2004.03.10"]
[SourceQuality "1"]

1. d4 d5 2. c4 c6 3. Nf3 Nf6 4. Nc3 e6 5. Bg5 Be7 6. e3 0-0 7. Qc2 Nbd7 8. Rd1 Re8 9. a3 Nf8 10. h3 Ng6 11. Ne5 Nxe5 12. dxe5 Nd7 13. Bxe7 Qxe7 14. f4 f6 15. exf6 Nxf6 16. Kd2 e5 17. Kc1 Qc5 18. Qd3 exf4 19. exf4 Be6 20. cxd5 Nxd5 21. Qd4 Qxd4 22. Rxd4 Nxc3 23. bxc3 Bd5 24. Rg1 Re1+ 25. Rd1 Re3 26. Bd3 Rae8 27. c4 Be4 28. Kc2 Bxd3+ 29. Rxd3 R3e4 30. f5 Rxc4+ 31. Kb3 Rce4 32. g4 Kf7 33. Rgg3 h6 34. Rgf3 R8e7 35. Kc3 c5 36. Rg3 b6 37. Rgf3 b5 38. Rd6 Rc7 39. Rfd3 a5 40. Rd7+ Re7 41. Rd8 c4 42. Rg3 Re5 43. Ra8 a4 44. Rd8 Ree7 45. Kb4 Rb7 46. Rc8 Re2 47. Kc3 Ra2 48. Kd4 Rb2 49. Rd8 Rd2+ 0-1